[Event "GRE-chT 47th"]
[Site "Patras"]
[Date "2019.07.05"]
[Round "6.6"]
[White "Grafakou, Sotiria Aphrodite"]
[Black "Georgitsi, Antigoni"]
[Result "0-1"]
[WhiteElo "1684"]
[BlackElo "1758"]
[PlyCount "66"]
[EventDate "2019.07.02"]
[EventType "team-swiss"]
[EventRounds "7"]
[EventCountry "GRE"]
[SourceTitle "CBM 191 Extra"]
[Source "ChessBase"]
[SourceDate "2019.09.30"]
[SourceVersion "1"]
[SourceVersionDate "2019.09.30"]
[SourceQuality "1"]
[WhiteTeam "Heraklion Contact"]
[BlackTeam "Pefkis"]
[WhiteTeamCountry "GRE"]
[BlackTeamCountry "GRE"]

1. d4 Nf6 2. c4 e6 3. Nc3 Bb4 4. e3 d5 5. a3 Bxc3+ 6. bxc3 0-0 7. Nf3 b6 8. Bd3 c5 9. 0-0 Qc7 10. cxd5 exd5 11. Re1 Bg4 12. Be2 Nc6 13. Nd2 Bxe2 14. Qxe2 Rfe8 15. Bb2 Re6 16. f3 Rd8 17. Qf2 Qe7 18. Re2 Re8 19. Rae1 Qd7 20. e4 dxe4 21. fxe4 Ng4 22. Qg3 Rg6 23. d5 Nce5 24. c4 Qa4 25. Bxe5 Nxe5 26. Qc3 b5 27. cxb5 Qxb5 28. Nf3 Nd3 29. Rd1 Nf4 30. Rb2 Ne2+ 31. Rxe2 Qxe2 32. Rd2 Rxg2+ 33. Kh1 Qf1+ 0-1

[Event "GRE-ch U20 Girls"]
[Site "Chania"]
[Date "2018.04.10"]
[Round "1"]
[White "Vakali, Ariadni"]
[Black "Grafakou, Sotiria Aphrodite"]
[Result "0-1"]
[WhiteElo "1008"]
[BlackElo "1667"]
[PlyCount "94"]
[EventDate "2018.04.10"]
[EventType "swiss"]
[EventRounds "9"]
[EventCountry "GRE"]
[SourceTitle "CBM 184 Extra"]
[Source "ChessBase"]
[SourceDate "2018.06.28"]
[SourceVersion "1"]
[SourceVersionDate "2018.06.28"]
[SourceQuality "1"]
[WhiteTeam "Greece"]
[BlackTeam "Greece"]
[WhiteTeamCountry "GRE"]
[BlackTeamCountry "GRE"]

1. e4 c5 2. Nf3 Nc6 3. Nc3 g6 4. Bc4 Bg7 5. 0-0 d6 6. d3 Nf6 7. Be3 0-0 8. Qd2 Ng4 9. Bg5 Nge5 10. Nxe5 Nxe5 11. Bb3 a6 12. a3 b5 13. Ba2 Nc6 14. Rab1 Rb8 15. Nd5 a5 16. h3 a4 17. b3 axb3 18. Bxb3 Ba6 19. a4 b4 20. Rfd1 Kh8 21. c3 bxc3 22. Nxc3 Qa5 23. Nd5 Qxd2 24. Rxd2 e6 25. Nc7 Rb6 26. Nxa6 Rxa6 27. Rc1 Rb8 28. Bd1 Nd4 29. Ra2 Nc6 30. Ra3 Bb2 31. Rca1 Bxa3 32. Rxa3 Rb1 33. Bf6+ Kg8 34. Ra1 Rxa1 35. Bxa1 Nb4 36. d4 c4 37. Kf1 Rb6 38. a5 Ra6 39. Bc3 Na2 40. Be1 c3 41. Bb3 Rxa5 42. Bxa2 c2 43. Bd2 Rxa2 44. Kg1 Ra1+ 45. Kh2 c1Q 46. Bxc1 Rxc1 47. Kg3 Rd1 0-1

[Event "GRE-chT Schools Lykeia 16th"]
[Site "Peristeri"]
[Date "2018.03.31"]
[Round "4.4"]
[White "Tsolakidou, Stavroula"]
[Black "Grafakou, Sotiria Aphrodite"]
[Result "1-0"]
[WhiteElo "2430"]
[BlackElo "1686"]
[PlyCount "65"]
[EventDate "2018.03.31"]
[EventType "team-swiss (rapid)"]
[EventRounds "6"]
[EventCountry "GRE"]
[SourceTitle "EXT 2019"]
[Source "ChessBase"]
[SourceDate "2018.10.10"]
[SourceVersion "1"]
[SourceVersionDate "2018.10.10"]
[SourceQuality "1"]

1. d4 Nf6 2. c4 e6 3. g3 Be7 4. Bg2 d5 5. Nf3 0-0 6. 0-0 c5 7. cxd5 Nxd5 8. dxc5 Bxc5 9. a3 Nc6 10. b4 Be7 11. Bb2 Bf6 12. Qd2 Bxb2 13. Qxb2 Qf6 14. Qxf6 Nxf6 15. Nbd2 Rb8 16. Rac1 Bd7 17. Rfd1 Ne7 18. Ne5 Ba4 19. Re1 Rfd8 20. Ndc4 Nfd5 21. Nd3 Bb5 22. Nc5 Bxc4 23. Rxc4 b6 24. Nd3 Rdc8 25. Rec1 Nf6 26. Rc7 Rxc7 27. Rxc7 Ned5 28. Rxa7 h6 29. Bf3 Kf8 30. Ne5 Ne7 31. Rxe7 Kxe7 32. Nc6+ Kd6 33. Nxb8 1-0

[Event "GRE-ch U16 Girls"]
[Site "Achaia"]
[Date "2017.06.27"]
[Round "3"]
[White "Grafakou, Sotiria Aphrodite"]
[Black "Vazoura, Aphroditi Haralambi"]
[Result "0-1"]
[WhiteElo "1695"]
[BlackElo "1443"]
[PlyCount "84"]
[EventDate "2017.06.26"]
[EventType "swiss"]
[EventRounds "9"]
[EventCountry "GRE"]
[SourceTitle "CBM 179 Extra"]
[Source "ChessBase"]
[SourceDate "2017.08.23"]
[SourceVersion "1"]
[SourceVersionDate "2017.08.23"]
[SourceQuality "1"]

1. d4 Nf6 2. c4 g6 3. Nc3 Bg7 4. e4 d6 5. h3 0-0 6. Be3 e5 7. d5 Nbd7 8. Bd3 Ne8 9. g4 a5 10. a3 Nc5 11. Bc2 f5 12. gxf5 gxf5 13. exf5 Bxf5 14. Bxf5 Rxf5 15. Qc2 Rf7 16. Nge2 Qh4 17. Bxc5 dxc5 18. Ne4 Bh6 19. N2g3 b6 20. Ke2 Kh8 21. Rag1 Rd8 22. Rd1 Nd6 23. Nxd6 cxd6 24. Qc3 Rdf8 25. Rdf1 Rf4 26. b3 Bg7 27. Qc2 e4 28. Ke1 Bd4 29. Rh2 e3 30. Nh1 Re8 31. Qd3 exf2+ 32. Kd2 Be3+ 33. Kc2 Rd4 34. Qc3 Qe4+ 35. Kb2 Bd2 36. Qc2 Qe5 37. Kb1 Qxh2 38. Qf5 Qe5 39. Qxf2 Rf4 40. Qg2 Rxf1+ 41. Qxf1 Qe1+ 42. Qxe1 Bxe1 0-1

[Event "Ambelokipi op 161th"]
[Site "Athens"]
[Date "2016.11.16"]
[Round "2"]
[White "Grafakou, Sotiria Aphrodite"]
[Black "Nikolaou, Georgios"]
[Result "0-1"]
[WhiteElo "1706"]
[BlackElo "2118"]
[PlyCount "74"]
[EventDate "2016.11.09"]
[EventType "swiss"]
[EventRounds "7"]
[EventCountry "GRE"]
[SourceTitle "EXT 2024"]
[Source "ChessBase"]
[SourceDate "2023.10.10"]
[SourceVersion "1"]
[SourceVersionDate "2023.10.10"]
[SourceQuality "1"]

1. d4 Nf6 2. c4 g6 3. Nc3 Bg7 4. Nf3 0-0 5. e4 d6 6. Bd3 c5 7. Be3 Ng4 8. Qe2 Nxe3 9. Qxe3 Qb6 10. Qd2 cxd4 11. Nd5 Qd8 12. 0-0 e6 13. Nb4 a5 14. Nc2 Nc6 15. a3 a4 16. Nb4 Na5 17. Rad1 Nb3 18. Qc2 e5 19. Rfe1 f5 20. Nd2 Nc5 21. f3 Bh6 22. Nf1 Be6 23. Qe2 Rc8 24. Nc2 Nxd3 25. Rxd3 Bxc4 26. Nb4 Qa5 27. Red1 Qb5 28. Qe1 Bxd3 29. Nxd3 Qb3 30. Kh1 fxe4 31. fxe4 Rc2 32. Ng3 Be3 33. Ne2 Qf7 34. Ng3 Qe6 35. Ne2 Qg4 36. Ng3 Bf2 37. Nxf2 Rfxf2 0-1

[Event "GRE-chT 44th"]
[Site "Achaia"]
[Date "2016.07.06"]
[Round "3.6"]
[White "Grafakou, Sotiria Aphrodite"]
[Black "Psofimi, Milia"]
[Result "0-1"]
[WhiteElo "1598"]
[BlackElo "1460"]
[PlyCount "134"]
[EventDate "2016.07.05"]
[EventType "team-swiss"]
[EventRounds "7"]
[EventCountry "GRE"]
[SourceTitle "CBM 173 Extra"]
[Source "ChessBase"]
[SourceDate "2016.08.29"]
[SourceVersion "1"]
[SourceVersionDate "2016.08.29"]
[SourceQuality "1"]
[WhiteTeam "Heraklion SO"]
[BlackTeam "Peiraikos PG"]
[WhiteTeamCountry "GRE"]
[BlackTeamCountry "GRE"]

1. Nf3 Nf6 2. b3 d5 3. Bb2 Bf5 4. e3 e6 5. Bb5+ Nbd7 6. 0-0 Be7 7. Bxd7+ Qxd7 8. Ne5 Qd8 9. d3 0-0 10. Nd2 c5 11. f4 h6 12. g4 Bh7 13. h4 Nd7 14. Nxd7 Qxd7 15. g5 hxg5 16. hxg5 Bg6 17. Qg4 f6 18. gxf6 Bxf6 19. Bxf6 Rxf6 20. Nf3 Bf5 21. Ne5 Qe8 22. Qg5 Rh6 23. Rf3 Qh5 24. Qxh5 Rxh5 25. Raf1 Rf8 26. Rg3 Rf6 27. Rf2 Rfh6 28. Rfg2 Rh7 29. Nd7 Kf7 30. Nxc5 Rh1+ 31. Kf2 Bh3 32. Rg1 Rh2+ 33. Kf3 b6 34. Nd7 Rxc2 35. Ne5+ Kg8 36. a4 Bf5 37. R1g2 Rc3 38. b4 Bxd3 39. Nxd3 Rxd3 40. Rc2 d4 41. Rc8+ Kf7 42. Rc7+ Kf6 43. Ke4 Rb3 44. Kxd4 Rxb4+ 45. Rc4 Rxc4+ 46. Kxc4 Rh5 47. Rg2 Rc5+ 48. Kb4 e5 49. fxe5+ Rxe5 50. Re2 g5 51. Kc3 Kf5 52. Kd3 Kg4 53. Rf2 Rf5 54. Rg2+ Kf3 55. e4 Re5 56. Re2 g4 57. Re3+ Kf4 58. Re1 g3 59. Rf1+ Kg4 60. Ke3 g2 61. Re1 Kg3 62. Rg1 Rh5 63. Kd4 Kf2 64. Rxg2+ Kxg2 65. e5 Rh4+ 66. Kd5 Rxa4 67. Kd6 Re4 0-1

[Event "Ambelokipi op 158th"]
[Site "Athens"]
[Date "2016.03.23"]
[Round "4"]
[White "Grafakou, Sotiria Aphrodite"]
[Black "Flitzanis, Hristoforos"]
[Result "0-1"]
[WhiteElo "1600"]
[BlackElo "1809"]
[PlyCount "48"]
[EventDate "2016.03.02"]
[EventType "swiss"]
[EventRounds "7"]
[EventCountry "GRE"]
[SourceTitle "EXT 2024"]
[Source "ChessBase"]
[SourceDate "2023.10.10"]
[SourceVersion "1"]
[SourceVersionDate "2023.10.10"]
[SourceQuality "1"]

1. d4 Nf6 2. c4 c5 3. d5 e6 4. dxe6 fxe6 5. Nc3 d5 6. cxd5 exd5 7. e3 Be7 8. Bb5+ Nc6 9. Nf3 0-0 10. 0-0 a6 11. Bd3 b5 12. b3 Bg4 13. Bb2 Qc7 14. Be2 Rad8 15. Qc2 d4 16. Nb1 d3 17. Bxd3 Nb4 18. Bxh7+ Kh8 19. Qe2 Nxh7 20. Nc3 Ng5 21. a3 Nxf3+ 22. gxf3 Bxf3 23. Qe1 Nd3 24. Qb1 Qe5 0-1

[Event "GRE-chT 43rd"]
[Site "Porto Rio"]
[Date "2015.10.11"]
[Round "6.3"]
[White "Grafakou, Sotiria Aphrodite"]
[Black "Poulopoulou, Ekaterini"]
[Result "0-1"]
[WhiteElo "1588"]
[BlackElo "1698"]
[PlyCount "138"]
[EventDate "2015.10.08"]
[EventType "team-swiss"]
[EventRounds "7"]
[EventCountry "GRE"]
[SourceTitle "CBM 168 Extra"]
[Source "ChessBase"]
[SourceDate "2015.10.29"]
[SourceVersion "1"]
[SourceVersionDate "2015.10.29"]
[SourceQuality "1"]
[WhiteTeam "Von Heraklion Contact"]
[BlackTeam "Panionios GSS"]
[WhiteTeamCountry "GRE"]
[BlackTeamCountry "GRE"]

1. d4 Nf6 2. c4 e6 3. Nc3 Bb4 4. Qb3 Qe7 5. Bg5 h6 6. Bxf6 Bxc3+ 7. Qxc3 Qxf6 8. Nf3 0-0 9. g3 d6 10. Bg2 Nd7 11. 0-0 Re8 12. Rfe1 e5 13. e3 Qe7 14. Rad1 Nf6 15. dxe5 dxe5 16. Nd2 c5 17. Ne4 Nxe4 18. Bxe4 Bg4 19. f3 Bh3 20. Bd5 Rad8 21. e4 Rd6 22. Qe3 Rg6 23. Kh1 Bc8 24. Rg1 Rg5 25. f4 exf4 26. gxf4 Rxg1+ 27. Rxg1 Be6 28. Qg3 Qf8 29. b3 Bxd5 30. exd5 Rd8 31. Qc3 Rd6 32. Qe5 f6 33. Qe3 Qf7 34. Re1 b6 35. Qe8+ Qxe8 36. Rxe8+ Kf7 37. Re2 f5 38. Kg2 g5 39. Kg3 Kf6 40. h3 Kf7 41. Rf2 Rf6 42. Re2 Rd6 43. Re5 Kf6 44. Re2 Kf7 45. h4 g4 46. h5 a5 47. Re5 Kf6 48. a4 Rd7 49. Re6+ Kg7 50. Rxb6 Re7 51. Rb5 Re3+ 52. Kg2 Re2+ 53. Kg1 Re1+ 54. Kf2 Rb1 55. Rxc5 Rb2+ 56. Ke1 Rb1+ 57. Ke2 Rb2+ 58. Kd1 Rxb3 59. Rxa5 Rh3 60. Ra6 Rxh5 61. Re6 Kf7 62. a5 Rh1+ 63. Kd2 g3 64. Re2 Rh2 65. a6 g2 66. a7 g1Q 67. a8Q Qd4+ 68. Kc1 Qc3+ 69. Kb1 Rh1+ 0-1

[Event "Ambelokipi op 152th"]
[Site "Athens"]
[Date "2015.04.29"]
[Round "7"]
[White "Kesoglou, Konstantinos"]
[Black "Grafakou, Sotiria Aphrodite"]
[Result "1-0"]
[WhiteElo "2035"]
[BlackElo "1444"]
[PlyCount "89"]
[EventDate "2015.03.04"]
[EventType "swiss"]
[EventRounds "7"]
[EventCountry "GRE"]
[SourceTitle "EXT 2024"]
[Source "ChessBase"]
[SourceDate "2023.10.10"]
[SourceVersion "1"]
[SourceVersionDate "2023.10.10"]
[SourceQuality "1"]

1. d4 Nf6 2. c4 e6 3. Nf3 Bb4+ 4. Nbd2 c6 5. a3 Ba5 6. b4 Bc7 7. e3 0-0 8. Bb2 d5 9. Bd3 Nbd7 10. Qc2 Qe7 11. g4 h6 12. cxd5 exd5 13. g5 hxg5 14. Nxg5 Ng4 15. h4 Nh6 16. 0-0-0 Nf6 17. Rdg1 Nfg4 18. Rg2 Bd7 19. Rhg1 Bh2 20. Rh1 Bc7 21. e4 dxe4 22. Bxe4 Qf6 23. Nh7 Qf4 24. Nxf8 Rxf8 25. Rhg1 Kh8 26. Qc3 Bd8 27. f3 Nf6 28. Qc5 Rg8 29. Qg5 Nd5 30. Qxf4 Nxf4 31. Rh2 Bc7 32. Rgh1 Nf5 33. Nc4 Ng3 34. Ne5 Bxe5 35. dxe5 Nxh1 36. Rxh1 Nh3 37. Rd1 Be6 38. Bd4 a6 39. Be3 g6 40. f4 Kg7 41. h5 Bg4 42. Rh1 gxh5 43. Bg2 Nxf4 44. Bxf4 Rd8 45. Bh3 1-0

[Event "GRE-chT 41st"]
[Site "Achaia"]
[Date "2013.07.04"]
[Round "4.10"]
[White "Papakonstantinou, Georgios"]
[Black "Grafakou, Sotiria Aphrodite"]
[Result "0-1"]
[WhiteElo "1300"]
[BlackElo "1370"]
[PlyCount "94"]
[EventDate "2013.07.02"]
[EventType "team-swiss"]
[EventRounds "7"]
[EventCountry "GRE"]
[SourceTitle "CBM 155 Extra"]
[Source "ChessBase"]
[SourceDate "2013.08.26"]
[SourceVersion "1"]
[SourceVersionDate "2013.08.26"]
[SourceQuality "1"]
[WhiteTeam "Irakleiou CN"]
[BlackTeam "Nice Fysiolatris"]
[WhiteTeamCountry "GRE"]
[BlackTeamCountry "GRE"]

1. e4 c5 2. Nf3 Nc6 3. Bb5 g6 4. 0-0 Bg7 5. Bxc6 bxc6 6. Re1 d6 7. c3 Bg4 8. h3 Bxf3 9. Qxf3 e6 10. e5 d5 11. d4 cxd4 12. cxd4 Ne7 13. Nc3 Nf5 14. Be3 Nxe3 15. fxe3 0-0 16. Rf1 f6 17. Qg4 f5 18. Qf3 Qd7 19. Na4 Rfe8 20. Nc5 Qc7 21. Rac1 Bf8 22. b3 Bxc5 23. Rxc5 Qd7 24. Rfc1 Rac8 25. Qe2 Rc7 26. R1c3 Rec8 27. Qc2 Kf8 28. b4 Kg8 29. b5 Kf7 30. Rxc6 Rxc6 31. Rxc6 Rxc6 32. Qxc6 Qxc6 33. bxc6 Ke7 34. Kf2 Kd8 35. Kg3 Kc7 36. Kf4 h6 37. g4 fxg4 38. hxg4 Kxc6 39. e4 dxe4 40. Kxe4 h5 41. gxh5 gxh5 42. d5+ exd5+ 43. Kf5 Kd7 44. e6+ Ke7 45. Ke5 h4 46. Kf4 d4 47. Ke4 h3 0-1

[Event "GRE-chT 41st"]
[Site "Achaia"]
[Date "2013.07.03"]
[Round "3.10"]
[White "Grafakou, Sotiria Aphrodite"]
[Black "Klidaras, Dimitrios"]
[Result "1/2-1/2"]
[WhiteElo "1370"]
[BlackElo "1398"]
[PlyCount "64"]
[EventDate "2013.07.02"]
[EventType "team-swiss"]
[EventRounds "7"]
[EventCountry "GRE"]
[SourceTitle "CBM 155 Extra"]
[Source "ChessBase"]
[SourceDate "2013.08.26"]
[SourceVersion "1"]
[SourceVersionDate "2013.08.26"]
[SourceQuality "1"]
[WhiteTeam "Nice Fysiolatris"]
[BlackTeam "Filadelfia CN"]
[WhiteTeamCountry "GRE"]
[BlackTeamCountry "GRE"]

1. d4 d5 2. c4 dxc4 3. e3 Nf6 4. Bxc4 e6 5. Nf3 Nc6 6. Bd2 Ne4 7. Nc3 Nxd2 8. Qxd2 Bd6 9. 0-0 0-0 10. a3 a6 11. Ne4 b6 12. Nxd6 cxd6 13. Rac1 Na5 14. b4 Nxc4 15. Rxc4 Bb7 16. Qe2 Bd5 17. Rc3 b5 18. Rfc1 f5 19. Nd2 Bb7 20. f3 Qb6 21. Nb3 Rfc8 22. Qd2 Rxc3 23. Rxc3 Rc8 24. Kf1 Kf7 25. Na5 Rxc3 26. Qxc3 Bd5 27. Ke1 Qb8 28. Nc6 Qe8 29. Na5 Qb8 30. Nc6 Qe8 31. Na5 Qb8 32. Nc6 Qe8 1/2-1/2

[Event "GRE-ch U18 Girls"]
[Site "Nikaia"]
[Date "2012.01.06"]
[Round "5"]
[White "Pournara, Aikaterini"]
[Black "Grafakou, Sotiria Aphrodite"]
[Result "0-1"]
[WhiteElo "1419"]
[BlackElo "1380"]
[PlyCount "158"]
[EventDate "2012.01.03"]
[EventType "swiss"]
[EventRounds "9"]
[EventCountry "GRE"]
[SourceTitle "CBM 146 Extra"]
[Source "ChessBase"]
[SourceDate "2012.02.29"]
[SourceVersion "1"]
[SourceVersionDate "2012.02.29"]
[SourceQuality "1"]

1. e4 c5 2. d4 cxd4 3. c3 dxc3 4. Nxc3 Nc6 5. Bc4 d6 6. Nf3 g6 7. Qe2 Bg7 8. 0-0 Nf6 9. e5 dxe5 10. Nxe5 Nxe5 11. Qxe5 0-0 12. Bg5 Bf5 13. Qe2 Qc7 14. h3 h6 15. Bh4 Rfe8 16. Rac1 Rad8 17. Bb3 Qb6 18. Bg3 Qd4 19. Rfd1 Bd3 20. Qf3 b6 21. Bc2 Qb4 22. Bxd3 Qxb2 23. Qe2 Qb4 24. Bb1 Rc8 25. Nb5 Rxc1 26. Rxc1 a6 27. Nc3 b5 28. Nd1 Rd8 29. Ne3 Rd2 30. Qe1 Qb2 31. Nf1 Re2 32. Qc3 Qxc3 33. Rxc3 Rb2 34. Rc1 Nd5 35. a3 e6 36. Ne3 Nxe3 37. fxe3 Rb3 38. Bd6 Rxe3 39. Kf2 Bd4 40. Kf1 Rb3 41. Be4 f5 42. Bf3 a5 43. Rc8+ Kf7 44. Rb8 Bb2 45. a4 bxa4 46. Rxb3 axb3 47. Bd1 a4 48. Ke2 e5 49. Kd3 Ke6 50. Bb4 Kd5 51. Bc3 Bxc3 52. Kxc3 Ke4 53. Kb2 Ke3 54. Ka3 e4 55. Kxa4 b2 56. Bc2 Kf2 57. g4 e3 58. gxf5 gxf5 59. Ka3 e2 60. Kxb2 e1Q 61. Kb3 Qe6+ 62. Kb2 Ke2 63. Bb3 Qxb3+ 64. Kxb3 f4 65. Kc3 f3 66. Kd4 f2 67. Ke5 f1Q 68. Kd4 Qf3 69. Kc4 Qd3+ 70. Kc5 Qe4 71. Kd6 Qf5 72. Kc6 Kd3 73. Kd6 Kd4 74. Kc6 Qd5+ 75. Kc7 Qe6 76. Kd8 Qf7 77. Kc8 Kd5 78. h4 Kc6 79. Kd8 Qd7# 0-1

[Event "GRE-ch U10 Girls"]
[Site "Eretria"]
[Date "2011.06.30"]
[Round "8.2"]
[White "Grafakou, Sotiria Aphrodite"]
[Black "Koutsidi, Amalia"]
[Result "1-0"]
[WhiteElo "1387"]
[BlackElo "1213"]
[PlyCount "66"]
[EventDate "2011.06.25"]
[EventType "swiss"]
[EventRounds "9"]
[EventCountry "GRE"]
[SourceTitle "EXT 2024"]
[Source "ChessBase"]
[SourceDate "2023.10.10"]
[SourceVersion "1"]
[SourceVersionDate "2023.10.10"]
[SourceQuality "1"]

1. d4 Nf6 2. Nf3 g6 3. c4 Bg7 4. Nc3 d5 5. e3 0-0 6. Bd3 c5 7. 0-0 Nc6 8. dxc5 dxc4 9. Bxc4 Qa5 10. Bb5 Bd7 11. Qa4 Rac8 12. Bxc6 Qxa4 13. Bxa4 Rxc5 14. Bxd7 Nxd7 15. Bd2 Rd8 16. Rfd1 Nb6 17. Be1 Rxd1 18. Rxd1 h6 19. Rd8+ Kh7 20. Rb8 Bxc3 21. Bxc3 g5 22. Rxb7 Na4 23. Rxa7 Nxc3 24. bxc3 Rxc3 25. g3 Kg6 26. Rxe7 Ra3 27. Rb7 Rxa2 28. Ne5+ Kf5 29. Nxf7 h5 30. Rb5+ Kg4 31. Rxg5+ Kf3 32. Ne5+ Ke4 33. Rxh5 Kd5 1-0

[Event "GRE-ch U10 Girls"]
[Site "Eretria"]
[Date "2011.06.27"]
[Round "4.2"]
[White "Kouta, Vasiliki"]
[Black "Grafakou, Sotiria Aphrodite"]
[Result "1/2-1/2"]
[WhiteElo "1359"]
[BlackElo "1387"]
[PlyCount "84"]
[EventDate "2011.06.25"]
[EventType "swiss"]
[EventRounds "9"]
[EventCountry "GRE"]
[SourceTitle "EXT 2024"]
[Source "ChessBase"]
[SourceDate "2023.10.10"]
[SourceVersion "1"]
[SourceVersionDate "2023.10.10"]
[SourceQuality "1"]

1. e4 c5 2. Nf3 Nc6 3. d4 cxd4 4. Nxd4 g6 5. Nc3 Bg7 6. Be3 d6 7. Qd2 Nf6 8. h3 Bd7 9. Bc4 Ne5 10. Bb3 a6 11. Bh6 0-0 12. Bxg7 Kxg7 13. Qg5 e6 14. f4 Nc6 15. Nde2 Ne8 16. Qg4 Nf6 17. Qg3 Nh5 18. Qh2 Na5 19. 0-0-0 Nxb3+ 20. cxb3 Qc7 21. g4 Nf6 22. Qg3 Nxe4 23. Qe3 Nxc3 24. bxc3 d5 25. h4 Rh8 26. h5 f6 27. g5 Qd8 28. hxg6 hxg6 29. Rxh8 Qxh8 30. gxf6+ Kxf6 31. Qd4+ Kf7 32. Qb6 Qc8 33. Qd6 Qc6 34. Qe5 b5 35. Qd4 Rc8 36. Kb2 Qc5 37. Qd2 a5 38. Rc1 Ke7 39. Rc2 b4 40. Qc1 Kd8 41. cxb4 Qxb4 42. Qe3 Ke7 1/2-1/2